90 rokov Dobrovoľného hasičského zboru v Kráľovej Lehote 1927-2017

Bibliographic Details
Other Authors: Bizub, František, 1945- (Compiler)
Format: Book
Language:Slovak
PhysicalDescription:20 s. fotogr.
Published: Kráľova Lehota Obecný úrad 2017
ISBN:9788097272357
Subjects:

MARC

LEADER 00000cam a2200000 a 4500
001 vtls011704914
003 SK-MaSNL
005 20260301141529.0
008 180105s2017 xo o g n 000 0 slo
015 |a SNBA2017/08 
020 |a 9788097272357  |q (brož.) 
040 |a SNK  |b slo  |c SNK  |e AACR2 
041 0 |a slo 
043 |a e-xo--- 
044 |a xo  |c SK 
072 7 |a 614.84  |x Požiare. Ochrana pred požiarmi  |2 konspekt 
080 |a 614.84  |2 2011 
080 |a 614.84(091)  |2 2011 
080 |a 614.842.83  |2 2011 
080 |a (437.641)  |2 2011 
080 |a (082.2)  |2 2011 
245 0 0 |a 90 rokov Dobrovoľného hasičského zboru v Kráľovej Lehote 1927-2017  |c [zostavil: František Bizub] 
246 3 |a Deväťdesiat rokov Dobrovoľného hasičského zboru v Kráľovej Lehote 1927-2017 
260 |a Kráľova Lehota  |b Obecný úrad  |c 2017 
300 |a 20 s.  |b fotogr. 
366 |e 200 výt. 
500 |a Názov z obalu 
504 |a Bibliogr. odkazy 
610 2 7 |a Dobrovoľný hasičský zbor (Kráľova Lehota, Slovensko)  |2 SNKKA  |9 495729 
650 0 7 |a požiarna ochrana  |2 SNKPH  |9 1501 
650 0 7 |a dejiny požiarnej ochrany  |2 SNKPH  |9 120861 
650 0 7 |a hasičské zbory  |2 SNKPH  |9 74452 
650 0 7 |a Fire protection  |2 SNKPHeng  |9 265684 
650 0 7 |a History of fire protection  |2 SNKPHeng  |9 349111 
650 0 7 |a Fire departments  |2 SNKPHeng  |9 265685 
651 7 |a Kráľova Lehota (Slovensko)  |2 SNKPH  |9 89639 
651 7 |a Kráľova Lehota (Slovakia)  |2 SNKPHeng  |9 157882 
655 7 |a jubilejné publikácie  |2 SNKPH  |9 70339 
655 7 |a Jubilee books  |2 SNKPHeng  |9 281827 
700 1 |a Bizub, František,  |d 1945-  |4 com  |9 159500 
852 |a Štátna vedecká knižnica v Banskej Bystrici 
919 |a 978-80-972723-5-7 
958 |a MI 
958 |a NB 
999 |c 767445  |d 769375 
952 |a SNK  |b SNK  |y PREZ  |7 0  |p 17A1269703  |o snkOSC 28106  |i snk2017/17404  |8 0  |0 0  |1 0  |4 0  |d 2017-07-31  |l 0  |r 2026-02-24 00:24:04  |w 2026-02-24 
952 |a SNK  |b SNK  |y VYP  |7 0  |p 17A1269704  |o snkOSC 28106 D1  |i snk2017/17405  |8 0  |0 0  |1 0  |4 0  |d 2017-07-31  |l 0  |r 2026-02-24 00:24:05  |w 2026-02-24